00291nam a2200097Ia 45000010005000000080041000050820018000461000018000642450094000822600017001761902241024s9999 xx 000 0 und d a379.1/P358m/4 aSerge Péano 0aMétodos y técnicas de evaluación de los gastos de educación. Versión preliminar bUNESCOc2006